Actors / Actresses by their Characters - Picture Edition #8 - Statistics

General Stats
  • This quiz has been taken 63 times
  • The average score is 7 of 15
Answer Stats
Picture Answer % Correct
Johnny Depp
96%
Lady Gaga
82%
Helena Bonham Carter
73%
James Dean
71%
Denzel Washington
62%
John Cena
58%
Justin Timberlake
53%
Selena Gomez
49%
Chris Rock
42%
Natalie Wood
25%
Faye Dunaway
20%
Joan Cusack
20%
Maya Rudolph
18%
Patrick Warburton
15%
Riz Ahmed
7%
No matching quizzes found
Score Distribution
Percent of People with Each Score
Percentile by Number Answered
Your Score History
You have not taken this quiz